NABI IDRIS A.S. TINGGAL DI LANGIT / (Record no. 176845)

MARC details
000 -LEADER
fixed length control field 01087nam a2200325 ia4500
003 - CONTROL NUMBER IDENTIFIER
control field OSt
005 - DATE AND TIME OF LATEST TRANSACTION
control field 20211109161130.0
008 - FIXED-LENGTH DATA ELEMENTS--GENERAL INFORMATION
fixed length control field 200310s2020 my a|||jr|||| 000 0 may d
020 ## - INTERNATIONAL STANDARD BOOK NUMBER
Terms of availability RM 197.50 (SET)
International Standard Book Number 9789672299134
Terms of availability RM 7.90
Qualifying information paperback
040 ## - CATALOGING SOURCE
Original cataloging agency PPAK
Language of cataloging eng
Transcribing agency PPAK
Description conventions rda
082 04 - DEWEY DECIMAL CLASSIFICATION NUMBER
Edition number 23
Classification number 297.18
090 00 - LOCALLY ASSIGNED LC-TYPE CALL NUMBER (OCLC); LOCAL CALL NUMBER (RLIN)
Classification number (OCLC) (R) ; Classification number, CALL (RLIN) (NR) 297.18
Feature heading NOR
Feature heading K
100 0# - MAIN ENTRY--PERSONAL NAME
Personal name Norul Azila Arifin,
Relator term author.
245 10 - TITLE STATEMENT
Linkage 880-02
Title NABI IDRIS A.S. TINGGAL DI LANGIT /
Statement of responsibility, etc. Norul Azila Arifin.
264 #1 - PRODUCTION, PUBLICATION, DISTRIBUTION, MANUFACTURE, AND COPYRIGHT NOTICE
Place of production, publication, distribution, manufacture Batu Caves, Selangor ;
Name of producer, publisher, distributor, manufacturer Pustaka Sri Saujana Sdn. Bhd.,
Date of production, publication, distribution, manufacture, or copyright notice 2020
300 ## - PHYSICAL DESCRIPTION
Extent 16 pages :
Other physical details colour illustrations ;
Dimensions 25 cm
336 ## - CONTENT TYPE
Content type term text
Source rdacontent
Content type term still image
Source rdacontent
337 ## - MEDIA TYPE
Media type term unmediated
Source rdamedia
338 ## - CARRIER TYPE
Carrier type term volume
Source rdacarrier
490 1# - SERIES STATEMENT
Series statement SIRI CINTAI NABI
546 ## - LANGUAGE NOTE
Language note Text also in Jawi alphabet.
650 10 - SUBJECT ADDED ENTRY--TOPICAL TERM
Topical term or geographic name entry element Islamic stories, Malay.
Topical term or geographic name entry element Prophets in the Qur'an.
Topical term or geographic name entry element Prophets, Pre- Islamic.
830 #0 - SERIES ADDED ENTRY--UNIFORM TITLE
Uniform title SIRI CINTAI NABI
880 ## - ALTERNATE GRAPHIC REPRESENTATION
Linkage 245-02/$1
a نبي إدريس عليه السلام تيڠڬل د لاڠيت
942 ## - ADDED ENTRY ELEMENTS (KOHA)
Source of classification or shelving scheme Dewey Decimal Classification
Koha item type Book
Holdings
Withdrawn Not for loan Current library Shelving location Date acquired Total Checkouts Total Renewals Full call number Barcode Date last seen Date last checked out Koha item type Checked out
    Perpustakaan Alor Setar Pinjaman Kanak-kanak 17/05/2020 5 1 K 297.18 NOR A01639873 28/10/2023 19/09/2023 Book  
    Perpustakaan Alor Setar Pinjaman Kanak-kanak 17/05/2020 1   K 297.18 NOR A01639874 20/08/2022 06/08/2022 Book  
    Perpustakaan Alor Setar Pinjaman Kanak-kanak 17/05/2020     K 297.18 NOR A01639885 17/05/2020   Book  
    Perpustakaan Awam Sungai Petani Pinjaman Kanak-kanak 17/05/2020 6   K 297.18 NOR A01639875 23/12/2024 07/12/2024 Book  
    Perpustakaan Baling Pinjaman Kanak-kanak 17/05/2020 1   K 297.18 NOR A01639879 27/10/2024 08/10/2024 Book  
    Perpustakaan Bandar Baharu Pinjaman Kanak-kanak 17/05/2020     K 297.18 NOR A01639880 17/05/2020   Book  
    Perpustakaan Jitra Pinjaman Kanak-kanak 17/05/2020     K 297.18 NOR A01639876 03/04/2021   Book  
    Perpustakaan Kuala Nerang Pinjaman Kanak-kanak 17/05/2020 1   K 297.18 NOR A01639884 26/06/2023 11/05/2023 Book  
    Perpustakaan Kulim Pinjaman Kanak-kanak 17/05/2020 17 2 K 297.18 NOR A01639877 30/05/2026 09/05/2026 Book  
    Perpustakaan Langkawi Pinjaman Kanak-kanak 17/05/2020 2   K 297.18 NOR A01639878 02/08/2023 27/07/2023 Book  
    Perpustakaan Merbok Pinjaman Kanak-kanak 17/05/2020 5 2 K 297.18 NOR A01639881 06/09/2025 06/09/2025 Book  
    Perpustakaan Pendang Pinjaman Kanak-kanak 17/05/2020 1   K 297.18 NOR A01639897 15/06/2023 28/05/2023 Book  
    Perpustakaan Sik Pinjaman Kanak-kanak 17/05/2020 1 1 K 297.18 NOR A01639883 01/12/2021 20/10/2021 Book  
    Perpustakaan Yan Pinjaman Kanak-kanak 17/05/2020 3 1 K 297.18 NOR A01639882 07/06/2026 07/06/2026 Book 19/07/2026
    Bergerak 1, Alor Setar Pinjaman Kanak-kanak 17/05/2020     K 297.18 NOR A01639886 17/05/2020   Book  
    Bergerak 3, Baling Pinjaman Kanak-kanak 17/05/2020     K 297.18 NOR A01639887 17/05/2020   Book  
    Bergerak 4, Sungai Petani Pinjaman Kanak-kanak 17/05/2020     K 297.18 NOR A01639888 17/05/2020   Book  
    Bergerak 5, Kulim Pinjaman Kanak-kanak 17/05/2020     K 297.18 NOR A01639889 17/05/2020   Book  
    PD02, Kg. Banggol Besi, Pendang Pinjaman Kanak-kanak 17/05/2020     K 297.18 NOR A01639891 17/05/2020   Book  
    PD03, Kg. Pulau Pisang, Jitra Pinjaman Kanak-kanak 17/05/2020     K 297.18 NOR A01639892 17/05/2020   Book  
    PD04, Kg. Bukit Nambua, Kuala Nerang Pinjaman Kanak-kanak 17/05/2020     K 297.18 NOR A01639893 17/05/2020   Book  
    PD05, Kg. Lindungan Raja, Kulim Pinjaman Kanak-kanak 17/05/2020     K 297.18 NOR A01639894 17/05/2020   Book  
    PD06, Kg. Kepala Bukit, Pendang Pinjaman Kanak-kanak 17/05/2020     K 297.18 NOR A01639895 17/05/2020   Book  
    PD11, Felda Teloi Kanan, Kuala Ketil Pinjaman Kanak-kanak 17/05/2020     K 297.18 NOR A01639898 17/05/2020   Book  
    PD12, Kg. Padang, Baling Pinjaman Kanak-kanak 17/05/2020     K 297.18 NOR A01639899 17/05/2020   Book  
    PD13, KEDA Lahar Tunjung, Pendang Pinjaman Kanak-kanak 17/05/2020     K 297.18 NOR A01639900 17/05/2020   Book  
    PD14, Felda Sungai Tiang, Pendang Pinjaman Kanak-kanak 17/05/2020     K 297.18 NOR A01639901 17/05/2020   Book  
    PD16, Kg. Jelai, Pendang Pinjaman Kanak-kanak 17/05/2020     K 297.18 NOR A01639902 17/05/2020   Book